Capital (Record no. 36)

MARC details
000 -LEADER
fixed length control field 00372nam a2200133Ia 4500
022 ## - INTERNATIONAL STANDARD SERIAL NUMBER
ISSN 0008-5839
245 #0 - TITLE STATEMENT
Title Capital
260 ## - PUBLICATION, DISTRIBUTION, ETC. (IMPRINT)
Name of publisher Aditi Roy Ghatak
Place of publication Calcutta
500 ## - GENERAL NOTE
General note Ending Volume & Year: 195, 1985
500 ## - GENERAL NOTE
General note Missing Volume: 138;140-149;165;174;180;190
500 ## - GENERAL NOTE
General note Starting Volume & Year: 137, 1961
942 ## - ADDED ENTRY ELEMENTS (KOHA)
Koha item type Bound Journal
Holdings
Withdrawn status Lost status Damaged status Not for loan Home library Current library Date acquired Accession Number Koha item type
      Bound journals RRII Library RRII Library 31/12/2021 00035J Bound Journal